000 00681nam a2200277Ia 4500
005 20260324130720.0
008 008 260324s9999 xx 000 0 eng d
020 _a9780203938805
037 _aEBOOK
040 _aCRL
040 _beng
040 _cCRL
041 _2eng
041 _aeng
084 _qCRL
100 _aLloyd Llewellyn-Jones; Glenys Davies; Lloyd Llewellyn-Jones
_91182831
245 0 _aGreek and Roman Dress from A to Z
260 _bTaylor and Francis
260 _c2007
365 _a
365 _b220
856 _uhttp://www.taylorfrancis.com/books/9780203938805
942 _cEBOOK
999 _c1779233
_d1779233